| 000 | 00821nac a22002657a 4500 | ||
|---|---|---|---|
| 001 | BR9300973 | ||
| 003 | BR-BrBNA | ||
| 005 | 20240105121423.0 | ||
| 008 | 230509b bl.|||m| |||| 00| 0 por d | ||
| 040 |
_aBR-BrBNA _bpor _cBiblioteca Nacional de Agricultura |
||
| 072 | _aF02 | ||
| 090 | _a1540 BR9300973 | ||
| 100 | 1 | _aMattos, P.L.P. de | |
| 100 | 1 | _aSouza, A. da S. | |
| 110 | 1 | _aCentro Nacional de Pesquisa de Mandioca e Fruticultura Tropical, Cruz das Almas, BA (Brasil) | |
| 245 | 1 | _aMandioca: uma planta facil de propagar | |
| 260 | 3 |
_aCruz das Almas, BA (Brasil): _c1993. |
|
| 300 | _a2 p. | ||
| 490 |
_aMandioca em Foco (Brazil) _vno. 72 _x |
||
| 650 | _aMandioca | ||
| 650 | _aManiva | ||
| 650 | _aPropagacao Vegetativa | ||
| 909 |
_a202312 _bLúcia Elande _c55 _dLúcia Elande |
||
| 942 |
_2AGRIS _n0 _cMS |
||
| 999 |
_c285200 _d285200 |
||